| 000 | 00418nam a2200133Ia 4500 | ||
|---|---|---|---|
| 008 | 230917s9999||||xx |||||||||||||| ||und|| | ||
| 040 |
_e90921 _aMAIN |
||
| 041 | _aEnglish | ||
| 082 | _a616.01 B545G | ||
| 100 | _aBiswas, Chinmoy | ||
| 245 | 0 | _aGeneration of oxygen free radicals in acute and chronic aluminium phosphide poisoning and resulting damage to the liver and kidney in Rats | |
| 300 | _a138 p. | ||
| 942 | _cTH | ||
| 999 |
_c86392 _d86392 |
||